| 000 | 00451cam a22001934a 4500 | ||
|---|---|---|---|
| 005 | 20250605164152.0 | ||
| 008 | 250528s ||||||||||||||||||||||||d | ||
| 035 | _a19414 | ||
| 020 | _a124704662 | ||
| 040 |
_aGR-AtMCL _bgre _dGR-AtMCL _eAACR2 |
||
| 245 | 1 | _aBASIC | |
| 250 | _a3 | ||
| 260 |
_bSbs Publishers & Distributors, _c1986 |
||
| 300 | _a533 | ||
| 700 | 1 |
_aMarateck Samuel L _95659 |
|
| 942 | _cBK | ||
| 999 |
_c4670 _d4670 |
||